Commercial and industrial law, (Record no. 72206)

MARC details
000 -LEADER
fixed length control field 00768cam a22002651 4500
001 - CONTROL NUMBER
control field sa 67000778
003 - CONTROL NUMBER IDENTIFIER
control field DLC
005 - DATE AND TIME OF LATEST TRANSACTION
control field 20260227112317.0
008 - FIXED-LENGTH DATA ELEMENTS--GENERAL INFORMATION
fixed length control field 740123s1966 ii 000 0 eng
010 ## - LIBRARY OF CONGRESS CONTROL NUMBER
LC control number sa 67000778
025 ## - OVERSEAS ACQUISITION NUMBER
Overseas acquisition number PL480:I-E-7310
040 ## - CATALOGING SOURCE
Original cataloging agency DLC
Transcribing agency DLC
Modifying agency DLC
043 ## - GEOGRAPHIC AREA CODE
Geographic area code a-ii---
050 00 - LIBRARY OF CONGRESS CALL NUMBER
Classification number KNS856
Item number .S46 1966
082 00 - DEWEY DECIMAL CLASSIFICATION NUMBER
Classification number 347.70954
100 1# - MAIN ENTRY--PERSONAL NAME
Personal name Sen, Arun Kumar,
Dates associated with a name 1905-
245 10 - TITLE STATEMENT
Title Commercial and industrial law,
Statement of responsibility, etc. by Arun Kumar Sen and Jitendra Kumar Mitra.
250 ## - EDITION STATEMENT
Edition statement [7th ed.]
260 ## - PUBLICATION, DISTRIBUTION, ETC.
Place of publication, distribution, etc. Calcutta,
Name of publisher, distributor, etc. World Press,
Date of publication, distribution, etc. 1966.
300 ## - PHYSICAL DESCRIPTION
Extent xv, 551, 116, 8, 2 p.
Dimensions 23 cm.
350 ## - PRICE (NR) (BK AM CF MU VM SE) [OBSOLETE]
Price Rs16
650 #0 - SUBJECT ADDED ENTRY--TOPICAL TERM
Topical term or geographic name entry element Commercial law
Geographic subdivision India.
650 #0 - SUBJECT ADDED ENTRY--TOPICAL TERM
Topical term or geographic name entry element Labor laws and legislation
Geographic subdivision India.
700 1# - ADDED ENTRY--PERSONAL NAME
Personal name Mitra, Jitendra Kumar,
Relator term joint author.

No items available.

Powered by Koha